000 00689nam a22002417a 4500
003 UA-OsUOA
001 121916
007 ta
008 20170404b un ||||| |||| 00| 0 ukr d
100 _aМонго Б.
090 _a821.161.1
_bМ77
942 _cBK
040 _aUA-OsUOA
_brus
_cUA-OsUOA
_dUA-OsUOA
245 _aПомни Рубена. Перпетуя, или привычка к несчастью
_bроманы
300 _a406 с.
955 _a3
041 _arus
080 _a821.161.1
591 _aДімаров А.
260 _aМ.
_bПрогресс
_c1978
650 7 _a82 Література. Літературознавство
_2UDC
999 _c407825
_d407825